[Event "Champ FRA - Under 8"]
[Site "Europe Echecs"]
[Date "2020.07.06"]
[Round "6"]
[Time "16:12:34"]
[PlyCount "113"]
[White "CotterchioDant"]
[Black "DorgereLouka"]
[WhiteElo "1260"]
[BlackElo "799"]
[Mode "WEB"]
[Result "0-1"]

1. e4 e5 2. Nf3 Bc5 3. Nxe5 Nc6 4. Nxc6 dxc6 5. Bc4 Nf6 6. e5 Ng4 7. f3 Nf2 8.
Qe2 Nxh1 9. Nc3 Nf2 10. d4 Bxd4 11. Bd2 Bxc3 12. Bxc3 Ne4 13. Qxe4 O-O 14. e6
fxe6 15. Qg4 Rf7 16. Bd3 Qf8 17. Qh4 h6 18. Qe7 Qxe7 19. O-O-O Qh4 20. g3 Qg5+
21. f4 Qh5 22. g4 Qxh2 23. Be5 g6 24. Re1 h5 25. f5 gxf5 26. Bxh2 fxg4 27. Bxc7
h4 28. Rh1 h3 29. Rg1 Rf4 30. Bxf4 a5 31. Rxg4+ Kf7 32. Rh4 Kf6 33. Rxh3 e5 34.
Re3 exf4 35. Rf3 Kg5 36. Rf1 Kg4 37. Rg1+ Kf3 38. Rf1+ Ke3 39. Re1+ Kf3 40. Re2
Kg4 41. Rf2 f3 42. Kd2 Kg3 43. Ke1 Be6 44. Kf1 Bxa2 45. Kg1 Kf4 46. Kh2 Ke3 47.
Kg3 Bb1 48. Rxf3+ Kd4 49. Rf1 Ke3 50. Rxb1 Rg8+ 51. Kh2 Kf3 52. Kh1 Kf2 53. Bh7
Rg7 54. Bf5 Rg5 55. Bc8 Rh5+ 56. Bh3 Rxh3# {CotterchioDant est échec et mat} 0-1

[Event "Champ FRA - Under 8"]
[Site "Europe Echecs"]
[Date "2020.07.06"]
[Round "6"]
[Time "16:12:34"]
[PlyCount "79"]
[White "ChenSophie"]
[Black "GadoisMelina"]
[WhiteElo "800"]
[BlackElo "1150"]
[Mode "WEB"]
[Result "0-1"]

1. e4 e5 2. Nf3 Nc6 3. Bc4 Bc5 4. d3 Nf6 5. Bg5 O-O 6. O-O d6 7. Nc3 Bg4 8. d4
exd4 9. h3 Bh5 10. g4 Bg6 11. Nxd4 Nxd4 12. Na4 Nc6 13. Nxc5 dxc5 14. Qxd8 Raxd8
15. Rad1 Rxd1 16. Rxd1 Re8 17. a3 h6 18. Bf4 Rxe4 19. Bxc7 Rxc4 20. Rd8+ Kh7 21.
Rf8 Rxc2 22. b4 cxb4 23. axb4 Nxb4 24. Bd6 a5 25. Be7 Nc6 26. Bd6 b5 27. g5 hxg5
28. Bg3 b4 29. f3 a4 30. Be1 b3 31. Ra8 Ra2 32. Rc8 Ne7 33. Re8 Nc6 34. Rd8 Nxd8
35. Ba5 Nc6 36. Bc3 b2 37. Kf2 b1=Q+ 38. Ke3 Qb3 39. f4 Qxc3# {ChenSophie est échec et mat} 0-1

[Event "Champ FRA - Under 8"]
[Site "Europe Echecs"]
[Date "2020.07.06"]
[Round "6"]
[Time "16:12:34"]
[PlyCount "83"]
[White "PeuzinNoan"]
[Black "SailhanDinhAle"]
[WhiteElo "1080"]
[BlackElo "799"]
[Mode "WEB"]
[Result "0-1"]

1. e4 e5 2. Bc4 Bc5 3. Qf3 Qf6 4. Nh3 Qxf3 5. gxf3 d6 6. Nc3 Bxh3 7. d3 Bg2 8.
Rg1 Bxf3 9. Rxg7 Nd7 10. Bg5 f6 11. Bxf6 Ndxf6 12. Rxc7 Ng4 13. Rxb7 Nxh2 14. d4
exd4 15. Nd5 h5 16. e5 dxe5 17. Nc7+ Kd8 18. Nxa8 h4 19. Rxa7 Bxa7 20. a4 h3 21.
Bxg8 Rxg8 22. Ra3 Rg1+ 23. Kd2 Ng4 24. Rb3 h2 25. Rb7 Bxb7 26. a5 Bxa8 27. c4
h1=Q 28. b4 e4 29. c5 e3+ 30. fxe3 Qg2+ 31. Kd3 Rd1+ 32. Kc4 dxe3 33. c6 e2 34.
b5 e1=Q 35. b6 Qxa5 36. c7+ Kc8 37. Kb3 Qc5 38. Ka4 Qb2 39. b7+ Kxc7 40. b8=Q+
Kd7 41. Qxa8 Ra1# {PeuzinNoan est échec et mat} 0-1

[Event "Champ FRA - Under 8"]
[Site "Europe Echecs"]
[Date "2020.07.06"]
[Round "6"]
[Time "16:12:34"]
[PlyCount "152"]
[White "PopThomas"]
[Black "PonzeveraAlexa"]
[WhiteElo "1030"]
[BlackElo "799"]
[Mode "WEB"]
[Result "1-0"]

1. d4 d6 2. g3 Nf6 3. Bg2 Nbd7 4. Nf3 e5 5. dxe5 dxe5 6. Be3 c6 7. Nbd2 Qc7 8.
O-O Be7 9. h4 h6 10. c3 g5 11. hxg5 hxg5 12. Nxg5 Qd6 13. Nde4 Qxd1 14. Rfxd1
Nxe4 15. Nxe4 Nf6 16. Nxf6+ Bxf6 17. f4 Bg4 18. Bf3 Bxf3 19. exf3 Rh3 20. Kg2
Rh5 21. fxe5 Bxe5 22. Re1 Rd8 23. Bf4 f6 24. Bxe5 fxe5 25. Rad1 Rxd1 26. Rxd1 b5
27. b3 a5 28. b4 axb4 29. cxb4 Ke7 30. f4 exf4 31. gxf4 Ke6 32. Kg3 Kf5 33. Rd6
Ke4 34. Rxc6 Kd4 35. Kg4 Rd5 36. f5 Ke5 37. f6 Rd8 38. f7 Rf8 39. Rc7 Kd5 40.
Kg5 Kd6 41. Ra7 Kc6 42. Kg6 Kb6 43. Rd7 Kc6 44. Re7 Kd6 45. Ra7 Kc6 46. Kg7 Rd8
47. f8=Q Rxf8 48. Kxf8 Kb6 49. Rh7 Kc6 50. a3 Kd5 51. Rb7 Kc4 52. Rb8 Kb3 53.
Ke7 Kxa3 54. Kd6 Kxb4 55. Kc6 Kc4 56. Rxb5 Kd3 57. Kd5 Kc3 58. Kc5 Kd3 59. Ra5
Kc3 60. Ra3+ Kb2 61. Rg3 Kc2 62. Kc4 Kd2 63. Kd4 Ke2 64. Ke4 Kf2 65. Kf4 Ke2 66.
Rb3 Kd2 67. Rh3 Ke2 68. Rg3 Kd2 69. Ke4 Kc2 70. Kd4 Kd2 71. Rg2+ Ke1 72. Ra2 Kd1
73. Kd3 Kc1 74. Kc3 Kb1 75. Rg2 Kc1 76. Rg1# {PonzeveraAlexa est échec et mat} 1-0

[Event "Champ FRA - Under 8"]
[Site "Europe Echecs"]
[Date "2020.07.06"]
[Round "6"]
[Time "16:12:34"]
[PlyCount "88"]
[White "ColinFelix"]
[Black "GrallKynan"]
[WhiteElo "799"]
[BlackElo "1020"]
[Mode "WEB"]
[Result "1-0"]

1. e4 e5 2. Nf3 Nf6 3. Nxe5 Nxe4 4. Nc4 Ng5 5. d4 f6 6. Bxg5 fxg5 7. Bd3 d5 8.
Ne3 Bg4 9. Qf3 Bxf3 10. gxf3 Nc6 11. Bb5 a6 12. Bxc6+ bxc6 13. Nc3 c5 14. dxc5
d4 15. Nf5 dxc3 16. bxc3 a5 17. c4 a4 18. c3 a3 19. O-O Bxc5 20. Nxg7+ Kd7 21.
Rad1+ Kc6 22. Rxd8 Rhxd8 23. Ne6 Rd3 24. Nxc5 Rad8 25. Nxd3 Rxd3 26. Rc1 Rxf3
27. Kg2 Rd3 28. f3 Kc5 29. Kg3 Kxc4 30. Kg4 Rd4+ 31. cxd4+ Kxd4 32. Rxc7 Kd5 33.
f4 Kd6 34. Rxh7 Ke6 35. fxg5 Kd5 36. g6 Kc4 37. g7 Kc3 38. g8=Q Kb2 39. Qb3+ Kc1
40. Rc7+ Kd2 41. Qc3+ Ke2 42. Rd7 Kf2 43. Qf3+ Ke1 44. Rd1# {GrallKynan est échec et mat} 1-0

[Event "Champ FRA - Under 8"]
[Site "Europe Echecs"]
[Date "2020.07.06"]
[Round "6"]
[Time "16:12:34"]
[PlyCount "53"]
[White "CosynsThibault"]
[Black "VidalRaphael"]
[WhiteElo "990"]
[BlackElo "799"]
[Mode "WEB"]
[Result "0-1"]

1. e4 e5 2. Nc3 Nf6 3. Nf3 Nc6 4. d3 Bc5 5. Be2 d6 6. O-O Bg4 7. Nd5 Nxd5 8.
exd5 Nd4 9. Be3 Nxf3+ 10. Bxf3 Bd4 11. Bxg4 Bxe3 12. fxe3 Qg5 13. e4 g6 14. Qf3
f5 15. exf5 gxf5 16. Bxf5 Rf8 17. Rae1 Rxf5 18. Qf4 Rxf4 19. g3 Rxf1+ 20. Rxf1
Qe3+ 21. Kh1 Kd7 22. Rf7+ Ke8 23. Rxh7 Kf8 24. Rh8+ Kf7 25. Rxa8 Qe2 26. Re8
Qf1# {CosynsThibault est échec et mat} 0-1

[Event "Champ FRA - Under 8"]
[Site "Europe Echecs"]
[Date "2020.07.06"]
[Round "6"]
[Time "16:12:34"]
[PlyCount "93"]
[White "ClaverieMartin"]
[Black "MindeHeloise"]
[WhiteElo "810"]
[BlackElo "1110"]
[Mode "WEB"]
[Result "0-1"]

1. e4 e5 2. Nf3 Nc6 3. Nc3 Nf6 4. Bb5 Bb4 5. a3 O-O 6. axb4 d6 7. Ng5 Bg4 8. O-O
h6 9. Nf3 Bxf3 10. Qxf3 Qe7 11. Bxc6 a6 12. Bxb7 Ra7 13. Bd5 Nxe4 14. Re1 Nxc3
15. dxc3 e4 16. h3 exf3 17. gxf3 Qxe1+ 18. Kg2 Qe5 19. Bc4 a5 20. bxa5 c6 21.
Be3 d5 22. Bxa7 dxc4 23. b3 cxb3 24. cxb3 Qxc3 25. Ra4 Qxb3 26. Ra1 Qb2 27. Ra4
Ra8 28. Bd4 Qb3 29. Ra1 Qc3 30. Bxc3 f5 31. Kg3 g5 32. Bd2 f4+ 33. Kg2 c5 34.
Bc3 c4 35. Ra4 Rc8 36. Ra3 h5 37. Be5 g4 38. hxg4 hxg4 39. Bxf4 gxf3+ 40. Kxf3
c3 41. Rb3 c2 42. Rb1 cxb1=Q 43. a6 Qb3+ 44. Ke4 Qb4+ 45. Ke3 Re8+ 46. Be5 Rxe5+ {ClaverieMartin a abandonné} 0-1

[Event "Champ FRA - Under 8"]
[Site "Europe Echecs"]
[Date "2020.07.06"]
[Round "7"]
[Time "16:47:40"]
[PlyCount "58"]
[White "DavidianAron"]
[Black "ChenZhiyueDash"]
[WhiteElo "1369"]
[BlackElo "1119"]
[Mode "WEB"]
[Result "1-0"]

1. e4 e5 2. Nf3 Nc6 3. Bc4 Bc5 4. c3 Nf6 5. d4 exd4 6. cxd4 Bb4+ 7. Nc3 Nxe4 8.
O-O Bxc3 9. bxc3 O-O 10. Re1 Nf6 11. Bg5 h6 12. Bh4 d5 13. Bd3 Be6 14. Rb1 b6
15. Ne5 Ne7 16. Bxf6 gxf6 17. Nf3 Ng6 18. Qc2 Kg7 19. Bxg6 fxg6 20. Rxe6 Qd7 21.
Rbe1 Rf7 22. Nh4 f5 23. Rxg6+ Kf8 24. Rxh6 Kg7 25. Ree6 Re8 26. Nxf5+ Rxf5 27.
Qxf5 Qf7 28. Rh7+ Kg8 29. Qxf7# {ChenZhiyueDash est échec et mat} 1-0

[Event "Champ FRA - Under 8"]
[Site "Europe Echecs"]
[Date "2020.07.06"]
[Round "7"]
[Time "16:47:40"]
[PlyCount "190"]
[White "DeladerriereHe"]
[Black "YastrebovDanie"]
[WhiteElo "1141"]
[BlackElo "1390"]
[Mode "WEB"]
[Result "1-0"]

1. e4 e5 2. Nf3 Nc6 3. Bc4 Bc5 4. Nxe5 Nxe5 5. d4 Nxc4 6. dxc5 Nf6 7. Qd4 Na5 8.
Nc3 Nc6 9. Qe3 O-O 10. O-O d6 11. cxd6 cxd6 12. Bd2 Ng4 13. Qf3 Qc7 14. Nd5 Qd8
15. Bf4 Nd4 16. Qd3 Ne6 17. Bg3 Ne5 18. Bxe5 dxe5 19. Rad1 h6 20. Qg3 f6 21. Qa3
Re8 22. Rd3 Nd4 23. c3 Ne2+ 24. Kh1 Nf4 25. Nxf4 Qb6 26. Nd5 Qd8 27. Qc5 b6 28.
Qc6 Ba6 29. c4 Rc8 30. Qa4 Bxc4 31. Rdd1 Bxf1 32. Rxf1 f5 33. Qb3 Kh8 34. exf5
Rf8 35. Rd1 Rxf5 36. Ne3 Qg5 37. Nxf5 Qxf5 38. Kg1 Rf8 39. Qg3 Qc2 40. Rf1 Qxb2
41. a3 Qd4 42. h3 Qf4 43. Qc3 e4 44. Qb4 Qf5 45. Qe7 a5 46. a4 Rf6 47. Qd8+ Kh7
48. Qd4 Rg6 49. Qe3 Qg5 50. Qxe4 h5 51. Rb1 Kh6 52. Qe3 Qxe3 53. fxe3 Re6 54.
Kf2 Re4 55. Rxb6+ g6 56. Kf3 Rxa4 57. e4 Ra3+ 58. Kf4 a4 59. Ra6 Ra1 60. Ke5 a3
61. Ke6 a2 62. e5 Kg5 63. g3 h4 64. Ra3 hxg3 65. Rxg3+ Kh4 66. Ra3 g5 67. Ke7 g4
68. hxg4 Kxg4 69. e6 Kg5 70. Ke8 Kg6 71. e7 Kf6 72. Ra6+ Kg5 73. Kf7 Rf1+ 74.
Kg7 a1=Q+ 75. Rxa1 Rxa1 76. e8=Q Ra7+ 77. Kg8 Kh6 78. Qe3+ Kg6 79. Qxa7 Kf6 80.
Qb6+ Kg5 81. Qe6 Kf4 82. Qd5 Ke3 83. Qc4 Kd2 84. Qb3 Kc1 85. Qa2 Kd1 86. Qb2 Ke1
87. Qc2 Kf1 88. Qd2 Kg1 89. Qe2 Kh1 90. Kg7 Kg1 91. Kg6 Kh1 92. Kg5 Kg1 93. Kg4
Kh1 94. Kg3 Kg1 95. Qe1# {YastrebovDanie est échec et mat} 1-0

[Event "Champ FRA - Under 8"]
[Site "Europe Echecs"]
[Date "2020.07.06"]
[Round "7"]
[Time "16:47:40"]
[PlyCount "45"]
[White "ButotQuentin"]
[Black "LacanrusDavid"]
[WhiteElo "1250"]
[BlackElo "1136"]
[Mode "WEB"]
[Result "0-1"]

1. e4 e5 2. Nf3 Nc6 3. Bc4 Nf6 4. O-O Bc5 5. Nc3 d6 6. d3 Bg4 7. Bg5 h6 8. Bh4
g5 9. Bg3 h5 10. h3 h4 11. Bh2 Bh5 12. g4 hxg3 13. Bxg3 Nd4 14. Nd5 Nxd5 15.
Bxd5 Bxf3 16. Qd2 Rxh3 17. Bh2 Ne2+ 18. Qxe2 Bxe2 19. Rfe1 Bf3 20. c3 Qd7 21.
Bxb7 Qg4+ 22. Kf1 Qg2# {ButotQuentin est échec et mat} 0-1

[Event "Champ FRA - Under 8"]
[Site "Europe Echecs"]
[Date "2020.07.06"]
[Round "7"]
[Time "16:47:40"]
[PlyCount "117"]
[White "LamorelleAlexe"]
[Black "MelkumyanDavid"]
[WhiteElo "1009"]
[BlackElo "1240"]
[Mode "WEB"]
[Result "1/2-1/2"]

1. e4 e5 2. Nf3 Nc6 3. Nc3 Bc5 4. Bb5 Nf6 5. d3 Nd4 6. Nxe5 O-O 7. O-O d6 8. Nf3
Bg4 9. Bg5 c6 10. Bc4 d5 11. exd5 cxd5 12. Bxf6 Qxf6 13. Bxd5 Nxf3+ 14. Bxf3
Bxf3 15. Qxf3 Qxf3 16. gxf3 Bb4 17. Rfe1 Rfe8 18. a3 Bxc3 19. bxc3 Rf8 20. Re7
b6 21. Rae1 a6 22. Rc7 Rad8 23. Ree7 Rd5 24. Kf1 Ra5 25. Rc6 Rxa3 26. Rxb6 Rxc3
27. Rxa6 Rxc2 28. Re2 Rc3 29. Rd2 Rd8 30. d4 Rxf3 31. d5 g6 32. Rc6 Rf5 33. d6
Rf6 34. Ke2 Kg7 35. Ke3 Re6+ 36. Kf4 Kf6 37. h4 Rd7 38. Kg4 Re4+ 39. f4 Re3 40.
h5 Ke6 41. hxg6 f5+ 42. Kg5 Rg3+ 43. Kh6 Rxg6+ 44. Kh5 Rg4 45. Rd4 h6 46. Rc7
Rxd6 47. Rxd6+ Kxd6 48. Rh7 Rxf4 49. Kxh6 Rf1 50. Kg5 f4 51. Rf7 Ke5 52. Rf5+
Ke4 53. Kg4 f3 54. Rf4+ Ke3 55. Kg3 Rg1+ 56. Kh2 Rg2+ 57. Kh1 Ke2 58. Rxf3 Kxf3 {Nulle par pat} 1/2-1/2

[Event "Champ FRA - Under 8"]
[Site "Europe Echecs"]
[Date "2020.07.06"]
[Round "7"]
[Time "16:47:40"]
[PlyCount "56"]
[White "DuquesneAdrien"]
[Black "LazignacAslany"]
[WhiteElo "1230"]
[BlackElo "799"]
[Mode "WEB"]
[Result "1-0"]

1. e4 e5 2. Bc4 Nf6 3. Qf3 Nc6 4. c3 Bc5 5. g4 O-O 6. g5 Ne8 7. h4 Nd6 8. Bb3 b5
9. d3 a5 10. a4 bxa4 11. Bxa4 Ba6 12. Bb3 Kh8 13. h5 f6 14. g6 h6 15. Qg2 f5 16.
Bxh6 fxe4 17. dxe4 Rxf2 18. Bxg7+ Kxg7 19. h6+ Kf8 20. g7+ Ke7 21. Qg5+ Rf6 22.
h7 Nxe4 23. Qxf6+ Kxf6 24. g8=Q Bf2+ 25. Kd1 Qe7 26. h8=Q+ Kf5 27. Qh5+ Kf4 28.
Qf3# {LazignacAslany est échec et mat} 1-0

[Event "Champ FRA - Under 8"]
[Site "Europe Echecs"]
[Date "2020.07.06"]
[Round "7"]
[Time "16:47:40"]
[PlyCount "123"]
[White "LandolsiIyad"]
[Black "LequangEnzo"]
[WhiteElo "1158"]
[BlackElo "1068"]
[Mode "WEB"]
[Result "0-1"]

1. e4 e5 2. Nf3 Nc6 3. Bb5 a6 4. Bxc6 dxc6 5. O-O Bd6 6. d3 Bg4 7. Be3 Nf6 8. h3
Be6 9. Bg5 h6 10. Bh4 O-O 11. d4 Bc4 12. Re1 Re8 13. dxe5 Bxe5 14. Qxd8 Raxd8
15. Nxe5 Rxe5 16. Bxf6 gxf6 17. Nc3 Rd2 18. Rac1 Ra5 19. b3 Be6 20. Red1 Rxd1+
21. Rxd1 Rc5 22. Rd3 b5 23. Kf1 b4 24. Ne2 Rxc2 25. Rd8+ Kg7 26. Nd4 Rxa2 27.
Nxe6+ fxe6 28. Rd7+ Kg6 29. Rxc7 Rc2 30. Ra7 Rc3 31. Rxa6 Rxb3 32. Rxc6 Rb1+ 33.
Ke2 b3 34. Rb6 Rb2+ 35. Ke1 e5 36. Kf1 Rb1+ 37. Ke2 b2 38. Kd2 Rf1 39. Rxb2
Rxf2+ 40. Kc3 Rxb2 41. Kxb2 Kg5 42. Kc2 Kf4 43. Kd2 Kxe4 44. Ke2 Kf4 45. Kf2 e4
46. g3+ Ke5 47. Ke3 f5 48. g4 f4+ 49. Kf2 Kd4 50. Ke2 e3 51. Kf3 Kd3 52. Kxf4 e2
53. g5 hxg5+ 54. Kxg5 e1=Q 55. h4 Qe8 56. h5 Qh8 57. Kg6 Ke4 58. h6 Ke5 59. h7
Ke6 60. Kh6 Kf5 61. Kh5 Qxh7# {LandolsiIyad est échec et mat} 0-1

[Event "Champ FRA - Under 8"]
[Site "Europe Echecs"]
[Date "2020.07.06"]
[Round "7"]
[Time "16:47:40"]
[PlyCount "74"]
[White "LlariMarc"]
[Black "TranAmarAndy"]
[WhiteElo "799"]
[BlackElo "1154"]
[Mode "WEB"]
[Result "1-0"]

1. e4 e6 2. d4 d5 3. Nc3 Bb4 4. e5 c5 5. a3 Ba5 6. Nf3 cxd4 7. Nxd4 Bb6 8. Nf3
Nc6 9. Be2 Bd7 10. Nb5 a6 11. Nd6+ Ke7 12. Nxb7 Qc7 13. Nd6 Ba7 14. O-O h6 15.
Be3 Bxe3 16. fxe3 g5 17. h3 g4 18. hxg4 Nxe5 19. Nxe5 Qxd6 20. Nxf7 Qg3 21. Nxh8
Nf6 22. Ng6+ Kf7 23. Nf4 Rh8 24. Rf3 Qh4 25. Nh5 Ke7 26. Nxf6 Rf8 27. Nh5 Rxf3
28. Bxf3 Qg5 29. Qd4 e5 30. Qxd5 Qxe3+ 31. Kh2 Qg5 32. Rd1 Qh4+ 33. Kg1 Be6 34.
Qd8+ Kf7 35. Qxh4 Bc4 36. Qf6+ Ke8 37. Rd8# {TranAmarAndy est échec et mat} 1-0

[Event "Champ FRA - Under 8"]
[Site "Europe Echecs"]
[Date "2020.07.06"]
[Round "7"]
[Time "16:47:40"]
[PlyCount "65"]
[White "EboueZacharie"]
[Black "LeblancCondeEv"]
[WhiteElo "1500"]
[BlackElo "1067"]
[Mode "WEB"]
[Result "0-1"]

1. e4 e6 2. d4 d5 3. Nc3 Nf6 4. Bd3 c5 5. e5 cxd4 6. Nce2 Nfd7 7. Nxd4 Nxe5 8.
Bf4 Nxd3+ 9. Qxd3 Nc6 10. Ngf3 Bd6 11. Bg3 Nxd4 12. Nxd4 O-O 13. O-O Bxg3 14.
hxg3 e5 15. Nb3 Be6 16. Rae1 e4 17. Qd4 a6 18. f3 exf3 19. Rxf3 Re8 20. Rf4 Rc8
21. c3 Rc4 22. Qf2 Rxf4 23. Qxf4 Qb6+ 24. Kh2 h6 25. Re3 g5 26. Qf6 Qxe3 27.
Qxh6 Bf5 28. Nd4 Bg6 29. Nf3 g4 30. Ng5 Qd3 31. Qh4 f6 32. Nf3 gxf3 {EboueZacharie a abandonné} 0-1

[Event "Champ FRA - Under 8"]
[Site "Europe Echecs"]
[Date "2020.07.06"]
[Round "7"]
[Time "16:47:40"]
[PlyCount "43"]
[White "CerclierAxel"]
[Black "GurevichMichel"]
[WhiteElo "1440"]
[BlackElo "1107"]
[Mode "WEB"]
[Result "0-1"]

1. e4 e5 2. Nf3 Nf6 3. Nc3 Bc5 4. Bc4 Nc6 5. d3 Ng4 6. O-O d6 7. Bg5 f6 8. Bh4
g5 9. Bg3 h5 10. h4 Nh6 11. hxg5 fxg5 12. Qd2 h4 13. Bh2 g4 14. Ne1 g3 15. Qe2
Ng4 16. Qf3 gxh2+ 17. Kh1 Nxf2+ 18. Kxh2 Rf8 19. Qh5+ Kd7 20. Qh6 Ng4+ 21. Kh1
Rxf1# {CerclierAxel est échec et mat} 0-1

[Event "Champ FRA - Under 8"]
[Site "Europe Echecs"]
[Date "2020.07.06"]
[Round "7"]
[Time "16:47:40"]
[PlyCount "67"]
[White "SteinmetzBapti"]
[Black "BriquetTom"]
[WhiteElo "1290"]
[BlackElo "1099"]
[Mode "WEB"]
[Result "0-1"]

1. e4 e5 2. f4 exf4 3. Nf3 Bc5 4. d4 Bb6 5. Bc4 Ne7 6. Bxf4 d5 7. exd5 Nxd5 8.
Bxd5 Qxd5 9. Nc3 Qf5 10. Bg3 O-O 11. O-O Qg6 12. Ne5 Qg5 13. Bf4 Qd8 14. Qh5
Bxd4+ 15. Kh1 Nd7 16. Nxd7 Qxd7 17. Rad1 c5 18. Ne4 Qe6 19. Ng5 Qg6 20. Qh4 Bf6
21. c3 h6 22. Rd5 hxg5 23. Bxg5 Be6 24. Rxc5 Qd3 25. Rg1 Bxg5 26. Rxg5 Bf5 27.
Rh5 Bh7 28. Qg5 Qg6 29. Qh4 Rfe8 30. h3 Re4 31. g4 Re2 32. Rd1 Qe4+ 33. Kg1 Qg2# {SteinmetzBapti est échec et mat} 0-1

[Event "Champ FRA - Under 8"]
[Site "Europe Echecs"]
[Date "2020.07.06"]
[Round "7"]
[Time "16:47:40"]
[PlyCount "53"]
[White "RobbeHugo"]
[Black "RogerAolis"]
[WhiteElo "1270"]
[BlackElo "1098"]
[Mode "WEB"]
[Result "0-1"]

1. e4 d5 2. exd5 Nf6 3. Nc3 Nxd5 4. Nxd5 Qxd5 5. Nf3 Bg4 6. Qe2 e5 7. d3 f5 8.
h3 Bh5 9. Be3 e4 10. dxe4 fxe4 11. Rd1 Qf7 12. Qd2 Nc6 13. Bf4 exf3 14. gxf3
Bxf3 15. Be2 Bxh1 16. Bh5 g6 17. Be2 Bc5 18. f3 Rd8 19. Bd3 Nd4 20. Bg5 Nxf3+
21. Ke2 Nxd2 22. Rxd2 Qf2+ 23. Kd1 Bf3+ 24. Be2 Qxe2+ 25. Kc1 Qd1+ 26. Rxd1
Rxd1# {RobbeHugo est échec et mat} 0-1

[Event "Champ FRA - Under 8"]
[Site "Europe Echecs"]
[Date "2020.07.06"]
[Round "7"]
[Time "16:47:40"]
[PlyCount "83"]
[White "LeBlevecYelise"]
[Black "CharrierShayan"]
[WhiteElo "1107"]
[BlackElo "1260"]
[Mode "WEB"]
[Result "0-1"]

1. e4 c6 2. d4 d5 3. Nc3 dxe4 4. Nxe4 Bf5 5. Ng3 Bg6 6. Nf3 Nd7 7. Bd3 Bxd3 8.
Qxd3 Ngf6 9. Bg5 e6 10. O-O h6 11. Be3 Bd6 12. c4 O-O 13. Ne4 Nxe4 14. Qxe4 Nf6
15. Qh4 Be7 16. Qg3 Bd6 17. Qh4 Nd7 18. Qh3 c5 19. dxc5 Bxc5 20. Bxc5 Nxc5 21.
b4 Ne4 22. Qg4 Nf6 23. Qg3 Qb6 24. a3 Qc6 25. Ne5 Qc7 26. c5 Rfd8 27. Qe3 Nd5
28. Qe2 Nf4 29. Qe1 b6 30. cxb6 Qb7 31. Nf3 axb6 32. Qc1 Ne2+ 33. Kh1 Nxc1 34.
Raxc1 Rac8 35. Rxc8 Rxc8 36. Rd1 Qa7 37. g4 Qxa3 38. g5 Qxf3+ 39. Kg1 Qxd1+ 40.
Kg2 Qd5+ 41. Kg1 Rc1# {LeBlevecYelise est échec et mat} 0-1

[Event "Champ FRA - Under 8"]
[Site "Europe Echecs"]
[Date "2020.07.06"]
[Round "7"]
[Time "16:47:40"]
[PlyCount "52"]
[White "AkyuzEnes"]
[Black "PerrinStephane"]
[WhiteElo "1092"]
[BlackElo "1260"]
[Mode "WEB"]
[Result "1-0"]

1. e4 e5 2. Nf3 Nc6 3. Nc3 Nf6 4. Bb5 Bb4 5. O-O O-O 6. Bxc6 bxc6 7. Nxe5 d5 8.
exd5 cxd5 9. d4 Ne4 10. Nxe4 dxe4 11. c3 Qf6 12. cxb4 c5 13. bxc5 Qe6 14. Bf4 f6
15. Ng4 Qd5 16. Ne3 Qc6 17. Qb3+ Kh8 18. Nc4 Bb7 19. Nd6 e3 20. Qxb7 Qxb7 21.
Nxb7 Rab8 22. Bxb8 Rxb8 23. c6 Rc8 24. d5 a6 25. fxe3 g5 26. Rxf6 {PerrinStephane a abandonné} 1-0

[Event "Champ FRA - Under 8"]
[Site "Europe Echecs"]
[Date "2020.07.06"]
[Round "7"]
[Time "16:47:40"]
[PlyCount "49"]
[White "ToNamLong"]
[Black "TchaplyguineNi"]
[WhiteElo "1260"]
[BlackElo "1090"]
[Mode "WEB"]
[Result "1-0"]

1. e4 e5 2. f4 Nf6 3. fxe5 Nxe4 4. Nf3 Bc5 5. d4 Bb4+ 6. c3 Be7 7. Nbd2 Nxd2 8.
Bxd2 d5 9. Bf4 Nc6 10. Bd3 Bg4 11. O-O Nb8 12. h3 Bxf3 13. Qxf3 c5 14. Bd2 cxd4
15. cxd4 Nc6 16. Qxf7+ Kd7 17. e6+ Kc7 18. Bf4+ Kb6 19. a4 Nxd4 20. a5+ Kc6 21.
Rac1+ Bc5 22. e7 Qxe7 23. Qxe7 Nf5+ 24. Qxc5+ Kd7 {TchaplyguineNi a abandonné} 1-0

[Event "Champ FRA - Under 8"]
[Site "Europe Echecs"]
[Date "2020.07.06"]
[Round "7"]
[Time "16:47:40"]
[PlyCount "48"]
[White "GongAlex"]
[Black "NottperaltaGab"]
[WhiteElo "1062"]
[BlackElo "1231"]
[Mode "WEB"]
[Result "1-0"]

1. e4 Nf6 2. e5 Nd5 3. d4 d6 4. Bc4 Nb6 5. Bb3 dxe5 6. Qh5 g6 7. Qxe5 f6 8. Qe3
Bg7 9. Nf3 Nc6 10. O-O Bf5 11. Nc3 Qd7 12. Rd1 O-O-O 13. a4 Kb8 14. Qe2 Bg4 15.
h3 Nxd4 16. Rxd4 Bxf3 17. Qxf3 Qxd4 18. Be3 Qd6 19. a5 Nc8 20. Bc4 Qb4 21. a6
Qxb2 22. Rb1 Qxb1+ 23. Nxb1 Rdg8 24. Qxb7# {NottperaltaGab est échec et mat} 1-0

[Event "Champ FRA - Under 8"]
[Site "Europe Echecs"]
[Date "2020.07.06"]
[Round "7"]
[Time "16:47:40"]
[PlyCount "66"]
[White "TavaresRibeiro"]
[Black "ManvieuPaul"]
[WhiteElo "1225"]
[BlackElo "1018"]
[Mode "WEB"]
[Result "1-0"]

1. c4 e5 2. Nc3 Nf6 3. Nf3 Nc6 4. g3 d5 5. cxd5 Nxd5 6. Bg2 Nf6 7. O-O Bf5 8. d3
Bc5 9. b3 O-O 10. Bb2 Nd5 11. Nxd5 Qxd5 12. e4 Bxe4 13. dxe4 Qxe4 14. Nd4 Qg6
15. Nxc6 bxc6 16. Bxe5 Bb6 17. Rc1 Rfd8 18. Qc2 Qxc2 19. Rxc2 f6 20. Bf4 g5 21.
Be3 Bxe3 22. fxe3 Rd3 23. Bxc6 Rad8 24. Rxf6 Rd1+ 25. Kf2 R1d2+ 26. Rxd2 Rxd2+
27. Kf3 Rd1 28. Kg4 Rd2 29. Kxg5 Rxh2 30. a4 Rh3 31. Bd5+ Kh8 32. Rf8+ Kg7 33.
Rg8# {ManvieuPaul est échec et mat} 1-0

[Event "Champ FRA - Under 8"]
[Site "Europe Echecs"]
[Date "2020.07.06"]
[Round "7"]
[Time "16:47:40"]
[PlyCount "90"]
[White "VoglerRomain"]
[Black "MoreauKenan"]
[WhiteElo "1171"]
[BlackElo "820"]
[Mode "WEB"]
[Result "1-0"]

1. e4 e5 2. Nf3 Nc6 3. Bc4 Bc5 4. b4 Bxb4 5. c3 Ba5 6. d4 exd4 7. O-O Nge7 8.
Qb3 O-O 9. cxd4 Bb6 10. Be3 Na5 11. Qa4 Nxc4 12. Qxc4 d5 13. exd5 Nxd5 14. Qe2
Re8 15. Re1 Nxe3 16. fxe3 Bg4 17. Nbd2 Bxd4 18. exd4 Rxe2 19. Rxe2 Qf6 20. Rae1
Kf8 21. Ne4 Qb6 22. Kf2 Bxf3 23. Kxf3 Qxd4 24. Ng5 Qf6+ 25. Kg4 Qg6 26. h4 h6
27. Re5 hxg5 28. hxg5 Rd8 29. a4 Rd4+ 30. Kf3 Qd3+ 31. Kf2 Rf4+ 32. Kg1 Qd4+ 33.
R1e3 g6 34. Re8+ Kg7 35. R8e7 Rg4 36. Kf2 Rxg5 37. R7e4 Rf5+ 38. Ke2 Qb2+ 39.
Kd3 Rd5+ 40. Kc4 Rd2 41. Rd3 Rc2+ 42. Kd5 c6+ 43. Kd6 Qf6+ 44. Kc7 Rxg2 45. Rd6 {MoreauKenan a perdu au temps} 1-0

[Event "Champ FRA - Under 8"]
[Site "Europe Echecs"]
[Date "2020.07.06"]
[Round "7"]
[Time "16:47:40"]
[PlyCount "32"]
[White "TuMathias"]
[Black "Cadilhacseffin"]
[WhiteElo "1051"]
[BlackElo "1130"]
[Mode "WEB"]
[Result "1-0"]

1. e4 e5 2. Nf3 Bc5 3. Nc3 Nc6 4. Nxe5 Nxe5 5. d4 Bxd4 6. Qxd4 Qe7 7. Bf4 d6 8.
Nd5 Be6 9. Nxe7 Nxe7 10. Bxe5 dxe5 11. Qxe5 Nc6 12. Qxc7 Ne7 13. Bb5+ Kf8 14.
O-O-O Rc8 15. Rd8+ Rxd8 16. Qxd8# {Cadilhacseffin est échec et mat} 1-0

[Event "Champ FRA - Under 8"]
[Site "Europe Echecs"]
[Date "2020.07.06"]
[Round "7"]
[Time "16:47:40"]
[PlyCount "90"]
[White "LetellierTimot"]
[Black "CosynsJean"]
[WhiteElo "1027"]
[BlackElo "1130"]
[Mode "WEB"]
[Result "1-0"]

1. e4 c6 2. Nf3 d5 3. Nc3 d4 4. Ne2 e5 5. Nxe5 Bd6 6. Nf3 Nf6 7. Nexd4 Nxe4 8.
Qe2 Qe7 9. d3 Nc5 10. Qxe7+ Bxe7 11. Bd2 Bg4 12. Be2 O-O 13. O-O Nbd7 14. h3 Bh5
15. Rfe1 Bf6 16. Bb4 a5 17. Bxc5 Nxc5 18. Nd2 Bxe2 19. Nxe2 Bxb2 20. Rab1 Bc3
21. Rbd1 Rfe8 22. Nxc3 Rxe1+ 23. Rxe1 g6 24. Nde4 Nxe4 25. Nxe4 Re8 26. Rb1 f5
27. Nf6+ Kf7 28. Nxe8 Kxe8 29. Rxb7 c5 30. Rc7 c4 31. Rxc4 a4 32. Rxa4 f4 33. c4
g5 34. c5 h6 35. c6 Kd8 36. Rc4 Kc7 37. a4 h5 38. a5 g4 39. hxg4 hxg4 40. a6 f3
41. gxf3 gxf3 42. a7 Kc8 43. a8=Q+ Kc7 44. Qb7+ Kd8 45. Qd7# {CosynsJean est échec et mat} 1-0

[Event "Champ FRA - Under 8"]
[Site "Europe Echecs"]
[Date "2020.07.06"]
[Round "7"]
[Time "16:47:40"]
[PlyCount "33"]
[White "LefolMarius"]
[Black "FonsatEthan"]
[WhiteElo "799"]
[BlackElo "1130"]
[Mode "WEB"]
[Result "0-1"]

1. d4 d5 2. c4 dxc4 3. e4 Nc6 4. Nf3 Nf6 5. Nc3 Bg4 6. d5 Bxf3 7. Qxf3 Nd4 8.
Qe3 Nc2+ 9. Ke2 Nxe3 10. Bxe3 c6 11. dxc6 bxc6 12. Ke1 Rb8 13. Bxc4 Rxb2 14. Bc1
Rc2 15. Bd2 Qxd2+ 16. Kf1 Qxf2# {LefolMarius est échec et mat} 0-1